Top 3 Average Country - Statistics

General Stats
  • This quiz has been taken 11 times
  • The average score is 6 of 18
Answer Stats
Hint Answer % Correct
1 Canada
70%
1 Mexico
60%
2 Uzbekistan
50%
1 Peru
50%
3 Guatemala
40%
3 Kazakhstan
40%
2 Libya
40%
3 Azerbaijan
30%
1 Ireland
30%
2 Jamaica
30%
2 Sweden
30%
2 Afghanistan
20%
3 Afghanistan
20%
2 Armenia
20%
3 South Sudan
20%
1 Myanmar
20%
3 Thailand
20%
1 Fiji
10%
No matching quizzes found
Score Distribution
Percent of People with Each Score
Percentile by Number Answered
Your Score History
You have not taken this quiz